Egypt: Stamps and Postal History - A Philatelic Treatise (Record no. 124)

000 -LEADER
fixed length control field 00352nam a22001337a 4500
003 - CONTROL NUMBER IDENTIFIER
control field OSt
008 - FIXED-LENGTH DATA ELEMENTS--GENERAL INFORMATION
fixed length control field 110509b xxu||||| |||| 00| 0 eng d
020 ## - INTERNATIONAL STANDARD BOOK NUMBER
International Standard Book Number 9963579817
041 ## - LANGUAGE CODE
Language code of text/sound track or separate title eng
100 1# - MAIN ENTRY--PERSONAL NAME
Personal name Smith, Peter A.S.
245 10 - TITLE STATEMENT
Title Egypt: Stamps and Postal History - A Philatelic Treatise
260 ## - PUBLICATION, DISTRIBUTION, ETC. (IMPRINT)
Place of publication, distribution, etc. Limassol, Cyprus
Name of publisher, distributor, etc. James Bendon Ltd.
300 ## - PHYSICAL DESCRIPTION
Extent 922 pages
Holdings
Withdrawn status Lost status Source of classification or shelving scheme Materials specified (bound volume or other part) Damaged status Not for loan Permanent location Current location Shelving location Date acquired Total Checkouts Full call number Barcode Date last seen Copy number Price effective from Koha item type
      Hardcover     Northern Philatelic Library Northern Philatelic Library Closed Stacks 05/09/2011   G8300 .S656 1000129 06/27/2015 1 06/27/2015 Books

Powered by Koha